Members of World Lacrosse - Statistics

General Stats
  • This quiz has been taken 9 times
  • The average score is 51 of 93
Answer Stats
Continent Answer % Correct
South America Argentina
100%
South America Brazil
100%
North America Canada
100%
Asia China
100%
Asia Japan
100%
North America United States
100%
Oceania Australia
88%
Europe France
88%
Asia India
88%
Europe Russia
88%
South America Chile
75%
Caribbean Dominican Republic
75%
Europe Germany
75%
Europe Ireland
75%
Asia Korea
75%
Asia Pakistan
75%
Europe Spain
75%
Europe Sweden
75%
Europe Austria
63%
South America Colombia
63%
Europe England
63%
Europe Hungary
63%
Asia Indonesia
63%
Asia Israel
63%
Europe Italy
63%
Africa Kenya
63%
Oceania New Zealand
63%
Central America Panama
63%
South America Peru
63%
Europe Poland
63%
Europe Portugal
63%
Africa South Africa
63%
Europe Switzerland
63%
Europe Ukraine
63%
Asia Vietnam
63%
Asia Armenia
50%
Caribbean Barbados
50%
Europe Belgium
50%
Asia Cambodia
50%
Asia Chinese Taipei
50%
Europe Croatia
50%
Europe Czechia
50%
Europe Denmark
50%
South America Ecuador
50%
Europe Estonia
50%
Europe Finland
50%
Africa Ghana
50%
Europe Greece
50%
Central America Guatemala
50%
Caribbean Haiti
50%
North America Haudenosaunee
50%
Asia Iran
50%
Asia Iraq
50%
Caribbean Jamaica
50%
Europe Latvia
50%
Europe Lithuania
50%
Europe Luxembourg
50%
Asia Malaysia
50%
Europe Malta
50%
Central America Nicaragua
50%
Africa Nigeria
50%
Europe Norway
50%
Asia Qatar
50%
Africa Rwanda
50%
Asia Saudi Arabia
50%
Europe Scotland
50%
Europe Serbia
50%
Europe Slovakia
50%
Europe Slovenia
50%
Asia Thailand
50%
Africa Uganda
50%
Europe Wales
50%
Asia Bangladesh
38%
Africa Botswana
38%
Europe Bulgaria
38%
Central America Costa Rica
38%
Europe Netherlands
38%
North America Puerto Rico
38%
Asia Singapore
38%
Asia Türkiye
38%
Caribbean U.S. Virgin Islands
38%
Africa Zambia
38%
Africa Zimbabwe
38%
Caribbean Bermuda
25%
Africa Côte D’ivoire
25%
Asia Hong Kong
25%
Asia Philippines
25%
Africa Sierra Leone
25%
Africa Benin
13%
Africa Mozambique
13%
Africa Togo
13%
Asia Uzbekistan
13%
Africa Burkina Faso
0%
No matching quizzes found
Score Distribution
Percent of People with Each Score
Percentile by Number Answered
Your Score History
You have not taken this quiz